Реология, процессы и аппараты химической технологии: сборник научных трудов

Bibliographische Detailangaben
Körperschaft: Волгоградский политехнический институт (570)
Sprache:Russisch
Veröffentlicht: Волгоград, [б.и.], 1978
Schlagworte:
Format: MixedMaterials Buch
KOHA link:https://koha.lib.tpu.ru/cgi-bin/koha/opac-detail.pl?biblionumber=674173

MARC

LEADER 00000nam0a2200000 4500
001 674173
005 20240820160228.0
090 |a 674173 
100 |a 20240820d1978 m||y0rusy50 ca 
101 0 |a rus 
102 |a RU 
105 |a a z 001yy 
181 0 |a i   |b  e  
182 0 |a n 
183 0 |a nc  |2 RDAcarrier 
200 1 |a Реология, процессы и аппараты химической технологии  |e сборник научных трудов  |f Волгоградский политехнический институт 
203 |a Текст  |b визуальный  |c непосредственный 
210 |a Волгоград  |c [б.и.]  |d 1978 
215 |a 148 с.  |c ил. 
283 |a volume  |2 RDAcarrier 
320 |a Литература в конце статей 
606 1 |a Химическая технология  |x Процессы  |9 54153 
610 1 |a теплообменники 
610 1 |a зернистые слои 
610 1 |a гидродинамика 
610 1 |a комбинированные сушилки 
610 1 |a пневматические форсунки 
675 |a 66.021  |v 4 
712 0 2 |a Волгоградский политехнический институт  |4 570  |9 23999 
801 0 |a RU  |b 63413507  |c 20240820 
830 |a Ретро2024Каталогизация Мотырева 
850 |a 63413507 
942 |c BK